000 00292nam a2200109Ia 4500
008 201217s9999 xx 000 0 und d
100 _aShim, J. K
245 0 _aHandbook of financial analysis, forecasting & modelling
260 _aEnglewood Cliffs
_bPrentice Hall
300 _a437
942 _cBK
999 _c7976
_d7976